000 00358 a2200145 4500
001 166066
020 _a
040 _cMagnum
100 _aVeiga, Ilma Passos Alencastro
240 1 0 _aA pratica pedagogica do professor de didatica
_lpor
245 1 0 _aA pratica pedagogica do professor de didatica
362 0 _a1899
697 _aPEDAGOGIA
942 _cBK
999 _c166066
_d166066